000 00570nam a22002177a 4500
001 00028750
005 20260413092501.0
008 260413b ag ||||| |||| 00| 0 spa d
020 _a8440666969
040 _aAR-CcCEOS
_bspa
_cAR-CcCEOS
041 _aspa
080 _a840-3
090 _bSIN
100 1 _aSinoué, Gilbert,
_d1947-
_91046
245 _aEl libro del Zafiro /
_cGilbert Sinoué
250 _a1ª ed.
264 _aEspaña :
_bB,
_cc1996.
300 _a494 p. ;
_c24x15 cm.
655 0 _aliteratura española
_9120
_xnovela
942 _2udc
_cBK
_n0
999 _c28785
_d28785